| 000 | 01198cam a2200385Ia 4500 | ||
|---|---|---|---|
| 001 | 99621 | ||
| 005 | 20230410143144.0 | ||
| 008 | 941128s1994 mx a j l001 0 spa d | ||
| 035 | _a(OCoLC)ocm31525452 | ||
| 040 |
_aPNX _cPNX _dBMU _dZOW |
||
| 020 |
_a9681901630 : _c$20.00 |
||
| 020 | _a9789681901639 | ||
| 035 | _a(OCoLC)31525452 | ||
| 041 | 1 |
_aspa _heng |
|
| 050 | 1 | 4 | _abK37b 1994 |
| 082 | 0 | 4 | _a623.18 |
| 049 | _aGRAL | ||
| 100 | 1 | _aKentley, Eric. | |
| 240 | 1 | 0 |
_aBoat. _lSpanish |
| 245 | 1 | 0 |
_aBarcos / _cpor Eric Kentley ; [traducido por Juan Gâenova Sotil]. |
| 260 |
_aMâexico, D.F. : _bAltea, _cc1994. |
||
| 300 |
_a64 p. : _bcol. ill. ; _c29 cm. |
||
| 490 | 0 | _aBiblioteca visual Altea | |
| 500 | _aIncludes index. | ||
| 500 | _aTranslation of: Boat. | ||
| 500 | _a"A Dorling Kindersley Book"--T.p. verso. | ||
| 520 | _aA history of the development and uses of boats, ships, and rafts, from birch-bark canoes to luxury liners. | ||
| 650 | 1 |
_aShips _xHistory. |
|
| 650 | 1 |
_aNavigation _xHistory. |
|
| 650 | 0 |
_aShips _xHistory _vJuvenile literature. |
|
| 650 | 0 |
_aNavigation _xHistory _vJuvenile literature. |
|
| 942 |
_2lcc _cbk |
||
| 946 | _aMAT | ||
| 994 |
_aC0 _bDRFGD |
||
| 999 |
_c96733 _d96733 |
||